Normal view
MARC view
Entry Personal Name
001 - CONTROL NUMBER
- control field: 9132
003 - CONTROL NUMBER IDENTIFIER
- control field: OSt
005 - DATE AND TIME OF LATEST TRANSACTION
- control field: 20160530184852.0
008 - FIXED-LENGTH DATA ELEMENTS
- fixed length control field: 160530|| aca||aabn | a|a d
040 ## - CATALOGING SOURCE
- Original cataloging agency: OSt
- Transcribing agency: OSt
100 ## - HEADING--PERSONAL NAME
- Personal name: William,A.David;Lemke,L.Thomas;
670 ## - SOURCE DATA FOUND
- Source citation: Work cat.: (OSt): William,A.David;Lemke,L.Thomas;, Foye's Principles of Medicinal Chemistry., 2002.
